Inventory control system for HIT (Record no. 188832)
[ view plain ]
| 000 -LEADER | |
|---|---|
| fixed length control field | 00561 a2200169 4500 |
| 003 - CONTROL NUMBER IDENTIFIER | |
| control field | Nust |
| 005 - DATE AND TIME OF LATEST TRANSACTION | |
| control field | 20170207153550.0 |
| 040 ## - CATALOGING SOURCE | |
| Transcribing agency | Nust |
| 082 ## - DEWEY DECIMAL CLASSIFICATION NUMBER | |
| Classification number | 005.1 |
| 100 ## - MAIN ENTRY--PERSONAL NAME | |
| Personal name | Ahmad, Maj Ibrar (MSCS-5) |
| 245 ## - TITLE STATEMENT | |
| Title | Inventory control system for HIT |
| Statement of responsibility, etc. | Maj Ibrar Ahmad |
| 260 ## - PUBLICATION, DISTRIBUTION, ETC. | |
| Name of publisher, distributor, etc. | MCS |
| Date of publication, distribution, etc. | May 2000 |
| Place of publication, distribution, etc. | Rwp. |
| 300 ## - PHYSICAL DESCRIPTION | |
| Extent | 91 p |
| 505 ## - FORMATTED CONTENTS NOTE | |
| Formatted contents note | Introduction (page-1), Database systems (page-5), Oracle database management system (page-29), Implementation and results (page-42), Conclusion and future work (page-82). |
| 538 ## - SYSTEM DETAILS NOTE | |
| System details note | Almirah No 73 Shelf No 1 |
| 650 ## - SUBJECT ADDED ENTRY--TOPICAL TERM | |
| Topical term or geographic name entry element | MSCS Thesis |
| 651 ## - SUBJECT ADDED ENTRY--GEOGRAPHIC NAME | |
| Geographic name | MSCS-5 |
| Withdrawn status | Lost status | Source of classification or shelving scheme | Damaged status | Not for loan | Collection code | Current Location | Date acquired | Total Checkouts | Barcode | Date last seen | Price effective from | Koha item type |
|---|---|---|---|---|---|---|---|---|---|---|---|---|
| Military College of Signals (MCS) | 12/12/2016 | MCSTCS-197 | 12/08/2016 | 12/12/2016 | Book | |||||||
| Military College of Signals (MCS) | 12/12/2016 | MCSTCS-9 | 12/08/2016 | 12/12/2016 | Book |
